000
00336nam a2200145Ia 4500
008
230718s9999 xx 000 0 und d
041
_a
Eng.
082
_a
342.34
_b
GIN-C
100
_a
Gino Dal
245
0
_a
Charity in Australia
260
_a
Pakistan
_b
Oxford university Press
_c
1968
300
_a
400
650
_a
Law
999
_c
27735
_d
27735